| 000 | 00855nas a2200253 4500 | ||
|---|---|---|---|
| 001 | BR9206280 | ||
| 003 | BR-BrBNA | ||
| 005 | 20231205092916.0 | ||
| 007 | ta | ||
| 008 | 230509b bl.|||p| |||| 00| 00por d | ||
| 040 |
_aBR-BrBNA _bpor _cBiblioteca Nacional de Agricultura |
||
| 041 | _a(Pt) | ||
| 072 | _aP06 | ||
| 100 | 1 | _aSilva, S.S. | |
| 100 | 1 | _aMancilha, I.M. | |
| 245 | 1 | _aAproveitamento de residuos agro-industriais: acido latico, uma alternativa | |
| 246 | 1 | _aUtilization of industrial residues: lactic acid, an alternative | |
| 650 | _aRESIDUO INDUSTRIAL | ||
| 650 | _aACIDO LATICO | ||
| 650 | _aFERMENTACAO | ||
| 773 | 0 |
_tBoletim da Sociedade Brasileira de Ciencia e Tecnologia de Alimentos (Brazil) _xISSN 0101-3637 _g(Jan-Jun 1991), v. 25(1) p. 37-40 _wBR9206280 |
|
| 909 |
_a202311 _bLúcia _c55 _dLúcia Elande |
||
| 942 |
_2AGRIS _n0 _cANA |
||
| 999 |
_c135045 _d135045 |
||